|
|
|
|
| LEADER |
00000nbm0a2200000 4500 |
| 001 |
132622 |
| 005 |
20231031134958.0 |
| 035 |
|
|
|a (RuTPU)RU\TPU\book\143605
|
| 090 |
|
|
|a 132622
|
| 100 |
|
|
|a 20080305d1971 k y0rusy50 ca
|
| 101 |
0 |
|
|a rus
|
| 102 |
|
|
|a RU
|
| 105 |
|
|
|a a m 001zy
|
| 200 |
1 |
|
|a Некоторые вопросы анализа и расчета характеристик асинхронной машины при самовозбуждении
|e Диссертация на соискание ученой степени кандидата технических наук
|f С. И. Кицис
|g Тюменский индустриальный институт (ТюмИИ) ; науч. рук. И. П. Копылов
|
| 210 |
|
|
|a Тюмень
|d 1971
|
| 215 |
|
|
|a 270 л.
|c ил.
|
| 320 |
|
|
|a Библиогр.: с.247 -267 ( назв.)
|
| 610 |
1 |
|
|a асинхронные машины
|
| 610 |
1 |
|
|a самовозбуждение
|
| 610 |
1 |
|
|a конденсаторы
|
| 610 |
1 |
|
|a генераторы
|
| 610 |
1 |
|
|a переходные процессы
|
| 610 |
1 |
|
|a приближения
|
| 610 |
1 |
|
|a стали
|
| 610 |
1 |
|
|a колебания
|
| 610 |
1 |
|
|a сопротивление
|
| 610 |
1 |
|
|a магнитопроводы
|
| 610 |
1 |
|
|a процессы
|
| 610 |
1 |
|
|a диссертации
|
| 610 |
1 |
|
|a исследование
|
| 675 |
|
|
|a 621.313.33(04)
|v 3
|
| 700 |
|
1 |
|a Кицис
|b С. И.
|
| 702 |
|
1 |
|a Копылов
|b И. П.
|4 727
|
| 712 |
0 |
2 |
|a Тюменский индустриальный институт (ТюмИИ)
|c (1963-1994)
|2 stltpush
|3 (RuTPU)RU\TPU\col\6066
|
| 801 |
|
1 |
|a RU
|b 63413507
|c 20080305
|g PSBO
|
| 801 |
|
2 |
|a RU
|b 63413507
|c 20160505
|g RCR
|
| 942 |
|
|
|c BK
|